| LEADER |
00849njm0a2200301 450 |
| 001 |
16809096 |
| 100 |
|
|
|a 20110718d1994 u u0frey01 ba
|
| 200 |
0 |
|
|a Skin
|f Peter Himmelman
|
| 207 |
|
1 |
|a
|
| 210 |
|
|
|a Paris
|c Sony music
|d 1994
|
| 464 |
|
|
|a Prelude
|
| 464 |
|
|
|a 11 months in the bath of dirty spirits
|
| 464 |
|
|
|a Clean
|
| 464 |
|
|
|a They're naked and they're calling me
|
| 464 |
|
|
|a Disposable child
|
| 464 |
|
|
|a Regular daydreams
|
| 464 |
|
|
|a With you
|
| 464 |
|
|
|a Shilo
|
| 464 |
|
|
|a Laugh my beloved
|
| 464 |
|
|
|a Easy to be broken
|
| 464 |
|
|
|a The 5th of august
|
| 464 |
|
|
|a Nowhere else to go
|
| 464 |
|
|
|a Chaos and void
|
| 464 |
|
|
|a Been set free
|
| 700 |
|
0 |
|a Himmelman
|b Peter
|4 0
|
| 900 |
|
|
|a Musique
|
| 901 |
|
|
|a Réserve
|
| 995 |
|
|
|a Bibliothèque
|c Bibliothèque
|f 024012195
|h 024012195
|k 2 HIM
|o p
|q a
|r je
|e Bibliothèque
|